Marcatori della Roma in UEFA Champions League 2015-2016 - Statistics

Statistiche generali
  • Questo quiz è stato fatto 15 volte
  • Il punteggio medio è 8 su 11
Statistiche sulle risposte
Partita Minuto Marcatore % Corretto
Roma - Barcellona 1-1 31' Alessandro Florenzi
93%
Bayer Leverkusen - Roma 4-4 29' Daniele De Rossi
93%
Bayer Leverkusen - Roma 4-4 38' Daniele De Rossi
93%
Roma - Bayer Leverkusen 3-2 29' Edin Džeko
93%
Barcellona - Roma 6-1 90' Edin Džeko
93%
Roma - Bayer Leverkusen 3-2 2' Mohamed Salah
71%
Bayer Leverkusen - Roma 4-4 54' Miralem Pjanić
64%
Roma - Bayer Leverkusen 3-2 80' Miralem Pjanić
64%
BATE Borisov - Roma 3-2 68' Gervinho
57%
Bayer Leverkusen - Roma 4-4 73' Iago Falque
43%
BATE Borisov - Roma 3-2 82' Vasilīs Torosidīs
36%
Nessun quiz corrispondente trovato
Distribuzione punteggi
Percentuale di utenti per punteggio
Percentile per numero di risposta
I tuoi punteggi nel tempo
Non hai fatto questo quiz